Sports Quiz

Random Sports or NBA Quiz

Bill Simmons 50 Best Alltime NBA Players Quiz Stats

 Plays Quiz not verified by Sporcle

Score 0/50 Timer 10:00
0 Plays Today
Rank Player % Correct
1Michael Jordan
99.5%
4Magic Johnson
96.6%
5Larry Bird
95.9%
8Kobe Bryant
95.4%
12Shaquille O'Neal
94%
3Kareem Abdul-Jabbar
93.7%
20LeBron James
93.5%
6Wilt Chamberlain
93.3%
2Bill Russell
92.1%
18Karl Malone
90.7%
13Moses Malone
90.2%
7Tim Duncan
89.7%
24Scottie Pippen
88.4%
25John Stockton
85.2%
10Hakeem Olajuwon
84.2%
8Jerry West
83%
29David Robinson
82.4%
40Patrick Ewing
79.8%
22Kevin Garnett
79.7%
19Charles Barkley
79.3%
9Oscar Robertson
79.1%
36Steve Nash
76.7%
23Isiah Thomas
76.5%
16Julius Dr. J Erving
75.9%
37Allen Iverson
73.2%
Rank Player % Correct
39Dirk Nowitzki
72.9%
21Bob Cousy
71.8%
35Kevin McHale
71.1%
43Jason Kidd
70.7%
44Clyde Drexler
69.6%
14John Havlicek
69.5%
15Elgin Baylor
65.2%
50James Worthy
63.6%
41Gary Payton
59.4%
34George Gervin
58.6%
27Bill Walton
58%
38George Mikan
55.3%
32Walt Frazier
53.3%
33Sam Jones
53.2%
17Bob Pettit
52.6%
30Willis Reed
52.3%
28Dwyane Wade
51.8%
47Paul Pierce
46.9%
26Rick Barry
44.9%
42Wes Unseld
43.6%
31Dave Cowens
35.3%
48Hal Greer
25.2%
45Nate Thurmond
22.8%
46Dave DeBusschere
22.6%
49Billy Cunningham
21.1%

You're not logged in!

Compare scores with friends on all Sporcle quizzes.
OR
Log In

Show Comments

Extras

Top Quizzes Today


Score Distribution

Your Account Isn't Verified!

In order to create a playlist on Sporcle, you need to verify the email address you used during registration. Go to your Sporcle Settings to finish the process.

Report this User

Report this user for behavior that violates our Community Guidelines.

Details: